000 00708nam a2200229Ia 4500
003 OSt
005 20220923212703.0
006 a|||||r|||| 00| 0
007 ta
008 220922b |||||||| |||| 00| 0 hin d
024 _a155,279
037 _cTextual
040 _aARTS
_cARTS
_bhin
041 _2hin
_ahin
082 _aO15,1D40:g, 152J9
100 _aचौधरी, जयकृष्ण
_9156279
245 0 _aकालिदास* जीवन, कला और कृतित्व
246 _aKālidāsa: jīvana, kalā aur kṛutitva
260 _c1959
942 _hO15,1D40:g, 152J9
_cTEXL
_2CC
999 _c310830
_d310830